| 000 | 00797nac a22002411u 4500 | ||
|---|---|---|---|
| 008 | 110630s2004 ii|||||r|||| 001 0 eng d | ||
| 020 | _a8120324765 | ||
| 020 | _a0735615187 | ||
| 020 | _a9780735615182 | ||
| 082 |
_a005.369 _bFRY _222 |
||
| 100 |
_aFrye, Curtis, _926037 |
||
| 245 |
_aMicrosoft Office Excel 2003 / _cCurtis Frye. |
||
| 260 |
_aNew Delhi : _bPrentice Hall of India, 2004 _c2004. |
||
| 300 |
_a325 p. _bill. ; _c24 cm. + _e1 CD-ROM (4 3/4 in.) |
||
| 490 |
_913134 _aStep by step (Redmond, Wash.) |
||
| 500 | _aIncludes index. | ||
| 650 |
_aMicrosoft Excel _926038 |
||
| 650 |
_aBusiness _xComputer programs. _926039 |
||
| 650 |
_aElectronic spreadsheets. _926040 |
||
| 653 | _bCS | ||
| 700 |
_aOnline Training Solutions (Firm) _926041 |
||
| 942 |
_cBB _k005.369 FRY _2ddc |
||
| 999 |
_c532 _d532 |
||